| 000 | 00845cgm a2200217 4500 | ||
|---|---|---|---|
| 001 | J1076 | ||
| 008 | 090401t1986 xxu||||| |||| 00| 0 eng d | ||
| 035 | _a(Sirsi) u41633 | ||
| 041 | _aeng | ||
| 110 |
_aRoyal Institution of Chartered Surveyors _bJunior Organisation _91458 |
||
| 245 | _aLife cycle costing | ||
| 260 | _c1986 | ||
| 300 | _a1 videocassette (VHS) (25min.) : sd. | ||
| 350 | _a0 | ||
| 520 | _aAn introduction to life cycle costing, the techniques of economic evaluation which draw together the total costs of building ownership and use. The video demonstrate what life cycle costing actually is, how it can be applied, what benefits it can give the client and also its limitations. | ||
| 650 | _aLIFE CYCLE COSTING | ||
| 650 | _aVIDEO CASSETTE | ||
| 690 |
_aProject management _96261 |
||
| 942 | _n0 | ||
| 948 | _c04/03/1997 | ||
| 999 |
_c85243 _d85243 |
||